Those of the gray wind, the sandhill cranes /

Bibliographic Details
Main Author: Johnsgard, Paul A.
Format: Book
Language:English
Published: New York, N.Y. : St. Martin's Press, [1981]
Edition:1st ed.
Subjects:

MARC

Tag First Indicator Second Indicator Subfields
LEADER 00000pam a2200000 a 4500
001 in00000073096
005 20151008060038.0
008 810515s1981 nyua 00010 eng
010 |a  81008586  
020 |a 0312801998 :  |c $8.95 
035 |a (OCoLC)07555909 
035 |9 AAJ5035AM 
039 0 |a 2  |b 3  |c 3  |d 3  |e 3 
040 |a DLC  |c DLC  |d TXA  |d UtOrBLW 
049 |a TXAM  |c 1 [1196379]  |a TXAS [knam]  |c 2 
050 0 0 |a QL696.G84  |b J63 
082 0 |a 598/.31  |2 19 
100 1 |a Johnsgard, Paul A. 
245 1 0 |a Those of the gray wind, the sandhill cranes /  |c Paul A. Johnsgard. 
250 |a 1st ed. 
264 1 |a New York, N.Y. :  |b St. Martin's Press,  |c [1981] 
264 4 |c ©1981 
300 |a 116 pages :  |b illustrations ;  |c 19 cm. 
336 |a text  |b txt  |2 rdacontent 
337 |a unmediated  |b n  |2 rdamedia 
338 |a volume  |b nc  |2 rdacarrier 
650 0 |a Sandhill crane. 
999 |a MARS 
999 f f |s fe021bc9-0818-35d1-94e0-a3d8fb948641  |i 078f05bf-06e4-34d2-9960-f09824489912  |t 0 
952 f f |p noncirc  |a Texas A&M University  |b College Station  |c Cushing Memorial Library & Archives  |d Cushing: Kincaid/North America (Remote Storage: 2-3 day retrieval)  |t 0  |e QL696.G84 J63  |h Library of Congress classification  |i unmediated -- volume 
952 f f |p ric  |a Texas A&M University  |b Rellis Campus  |c Joint Library Facility  |d Remote Storage  |t 0  |e QL696.G84 J63  |h Library of Congress classification  |i unmediated -- volume  |m A14806221847 
998 f f |a QL696.G84 J63  |t 0  |l Cushing: Kincaid/North America (Remote Storage: 2-3 day retrieval) 
998 f f |a QL696.G84 J63  |t 0  |l Remote Storage